000
00193 a2200097 4500
020
_a
013429906990
041
_a
spa
100
_a
Jennyfer Moore mallinos
245
_a
Tengo Dislexia
942
_c
K
999
_c
30486
_d
30484